Score 0/32 Timer 03:00
0 Plays Today
Clue Answer % Correct
ABC drama about plane crash survivorsLOST
94.4%
Bring water to 212°BOIL
94.1%
One of the deadly sinsLUST
92.5%
Golf ball's destinationHOLE
91.9%
It might surround a castleMOAT
90.9%
Form of precipitationRAIN
89.1%
Get checkmatedLOSE
87.6%
What childbirth contractions causePAIN
87.5%
A fossil fuelCOAL
87.1%
Layer of paintCOAT
87.1%
Woeful cry from a dogHOWL
85.7%
Form a slinkyCOIL
84.8%
Stairway supportRAIL
83.7%
With [rung 1], term for severe drought storms in the 1930'sBOWL
83.5%
Form of precipitationHAIL
82.4%
With [rung 18], term for severe drought storms in the 1930'sDUST
82.3%
Clue Answer % Correct
One a-leaping in 'The Twelve Days of Christmas'LORD
81.9%
'Take a ____ off, Annie'LOAD
81.4%
Shout heard on the fairwayFORE
80.1%
'Come __ __, the water's fine!'ON IN
79.9%
Hockey great GordieHOWE
79.2%
Woeful cry from one feeling [rung 27]MOAN
79%
Oral traditionLORE
78.1%
John Cusack's older sisterJOAN
78%
____ and heartyHALE
72.5%
Cluedo roomHALL
72.1%
'Grapes of Wrath' directorFORD
69.8%
'Grapes of Wrath' familyJOAD
67.1%
Big-tongued dog in 'Garfield'ODIE
63.8%
Father of ThorODIN
63.5%
Nabokov novel written in EnglishPNIN
50.6%
Migrant forced from home by the [rung 1]+[rung 18]OKIE
28.9%

Today's Daily Dose

You're not logged in!

Compare scores with friends on all Sporcle quizzes.
OR
Log In

Sporcle TV

Today on Sporcle TV


Watch our educational content, quiz creation guides, and fun videos on Sporcle TV.

Show Comments

Extras

Top Quizzes Today


Score Distribution

Paid Content

Your Account Isn't Verified!

In order to create a playlist on Sporcle, you need to verify the email address you used during registration. Go to your Sporcle Settings to finish the process.

Report this User

Report this user for behavior that violates our Community Guidelines.

Details: